La araucana

Gespeichert in:
Bibliographische Detailangaben
1. Verfasser: Ercilla y Zúñiga, Alonso de (autor)
Format: Buch
Sprache:Spanisch
Veröffentlicht: Buenos Aires Atlantida 1965
Ausgabe:5a. ed
Schriftenreihe:Biblioteca Billiken
Schlagworte:
Tags: Tag hinzufügen
Keine Tags, Fügen Sie den ersten Tag hinzu!

MARC

LEADER 00000nam a2200000 a 4500
001 UCH3798
003 CL-VaPUC
008 090818e19650000AG |||||||||||||||||spa|d
082 0 4 |a 861  |b ERC  |2 21 
100 |a Ercilla y Zúñiga, Alonso de   |e autor  |9 267605 
245 1 3 |a La araucana 
250 |a 5a. ed 
300 |a 116 p 
942 |c BK 
945 |d 20090818 00:00:00  |a lazolas 
260 |a Buenos Aires  |b Atlantida  |c 1965 
650 0 |a Poesía épica española  |9 268761 
583 |a last modification  |c 20090818 00:00:00  |k Rodrigo Vera 
490 0 |a Biblioteca Billiken 
999 |c 335229  |d 335227